000
00442nam a2200145Ia 4500
008
090124s9999 xx 000 0 und d
082
_b
134660
245
_a
कथा ज्ञानदेवांची
250
_a
1
260
_b
भारद्वाज व.सु.
_c
2006
300
_a
80
630
_a
कथा ज्ञानदेवांची
730
_a
कथा ज्ञानदेवांची
942
_c
BOOK
999
_c
194012
_d
194012